书目信息 |
| 题名: |
当代中国美术家档案
|
|
| 作者: | 田黎明 主编 ;孔六庆 绘 | |
| 分册: | 学院篇 | |
| 出版信息: | 北京 华艺出版社 2005 |
|
| 页数: | 365页 | |
| 开本: | 23cm | |
| 丛书名: | ||
| 单 册: | ||
| 中图分类: | J222.7 , K825.72=76 | |
| 科图分类: | ||
| 主题词: | 花鸟画--中国--现代--画册 , 美术家 , 美术家--生平事迹--中国--现代 , 花鸟画 | |
| 电子资源: | ||
| ISBN: | 7-80142-728-9 | |
| 000 | 01079nam0 2200301 450 | |
| 001 | 010040035237 | |
| 005 | 20070801172127.10 | |
| 010 | @a7-80142-728-9@dCNY79.00 | |
| 100 | @a20060519d2005 em y0chiy0110 ea | |
| 101 | 0 | @achi |
| 102 | @aCN@b110000 | |
| 105 | @aaf z 000yd | |
| 200 | 1 | @a当代中国美术家档案@9dang dai zhong guo mei shu jia dang an@i学院篇@i孔六庆卷@f田黎明主编 |
| 210 | @a北京@c华艺出版社@d2005 | |
| 215 | @a365页@c图,照片@d23cm | |
| 330 | @a本书内容包括:我的工笔花鸟画艺术观、我的工笔花鸟画之路、创作随笔、论宫廷院体花鸟画四种形态、花鸟画的独立时期等。 | |
| 510 | 1 | @aArchive of contemporary Chinese fine artists@iCollege volume@zeng |
| 512 | 1 | @a当代中国美术家档案@9dang dai zhong guo mei shu jia dang an@i孔六庆卷 |
| 606 | 0 | @a花鸟画@y中国@z现代@j画册 |
| 606 | 0 | @a美术家 |
| 606 | 0 | @a美术家@x生平事迹@y中国@z现代 |
| 606 | 0 | @a花鸟画 |
| 690 | @aJ222.7@v4 | |
| 690 | @aK825.72=76@v4 | |
| 701 | 0 | @a田黎明@9tian li ming@4主编 |
| 702 | 0 | @a孔六庆@9kong liu qing@4绘 |
| 801 | 0 | @aCN@bRENTIAN@c20070801 |
| 905 | @a10447@dK825.72=76@e615 | |
| 当代中国美术家档案.学院篇.孔六庆卷/田黎明主编.-北京:华艺出版社,2005 |
| 365页:图,照片;23cm |
| ISBN 7-80142-728-9:CNY79.00 |
| 本书内容包括:我的工笔花鸟画艺术观、我的工笔花鸟画之路、创作随笔、论宫廷院体花鸟画四种形态、花鸟画的独立时期等。 |
| ● |
| 相关链接 |
|
|
|
|
正题名:当代中国美术家档案
索取号:K825.72=76/615
 
预约/预借
| 序号 | 登录号 | 条形码 | 馆藏地/架位号 | 状态 | 备注 |
| 1 | 0800608 | 208006085 | 第二样本阅览室/ [索取号:K825.72=76/615] | 在馆 | |
| 2 | 0800609 | 208006094 | 密集书库/ [索取号:K825.72=76/615] | 在馆 | |
| 3 | 0800610 | 208006101 | 第二借阅区/ [索取号:K825.72=76/615] | 在馆 | |
| 4 | 0800611 | 208006110 | 密集书库/ [索取号:K825.72=76/615] | 在馆 | |
| 5 | 0800612 | 208006129 | 密集书库/ [索取号:K825.72=76/615] | 在馆 | |
| 6 | 0800613 | 208006138 | 密集书库/ [索取号:K825.72=76/615] | 在馆 | |
| 7 | 0800614 | 208006147 | 密集书库/ [索取号:K825.72=76/615] | 在馆 | |
| 8 | 0800615 | 208006156 | 第二借阅区/ [索取号:K825.72=76/615] | 在馆 | |
| 9 | 0800616 | 208006165 | 第二借阅区/ [索取号:K825.72=76/615] | 在馆 | |
| 10 | 0800617 | 208006174 | 第二借阅区/ [索取号:K825.72=76/615] | 在馆 |